000 00650nam a2200241Ia 4500
003 OSt
005 20221006170000.0
006 a|||||r|||| 00| 0
007 ta
008 221006b |||||||| |||| 00| 0 hin d
024 _a3,960
037 _cTextual
040 _aFML
_cFML
_bhin
041 _2hin
_ahin
082 _aNR44 , 54, L4 . 2
100 _aKhandelwal Yahoda Devi Au.
_9680875
245 0 _aVanita Sangeet Vihar Bhaag - 2
260 _aHaldwani
_bLelikha
_c1974
300 _a110
_ccm.
490 _v02
942 _hNR44 , 54, L4 . 2
_cTEXL
_2CC
999 _c1122648
_d1122648